LDR 01026naa#a2200181#i#450# 001 RU\\bibl\119894 005 20260603084250.3 011 ## _a2500-4026 100 ## _a20190331b2019####ek#y0rusy0150####ca 101 0# _aRUS 102 ## _aRU 200 1# _aИСПОЛЬЗОВАНИЕ ЯЗЫКА ПРОГРАММИРОВАНИЯ R В ВОПРОСАХ ПОЖАРНОЙ БЕЗОПАСНОСТИ: АНАЛИЗ СТАТИСТИКИ КОЛИЧЕСТВА ПОЖАРОВ НА ОСНОВЕ ТЕОРИИ ВРЕМЕННЫХ РЯДОВ _eЖурнальная статья 210 1# _aЖелезногорск _cФГБОУ ВО Сибирская пожарно-спасательная академия ГПС МЧС России _d2019 215 ## _a5 с. 608 ## _aЖурнальная статья _2local 675 ## _aТеория вероятностей и математическая статистика. 519.2 _aКомпьютерное моделирование. 004.94 _zRUS 700 #1 _aМатеров _gЕ Н 856 4# _avestnik-sibpsa.editorum.ru _u